000 00480nam a2200145 i 4500
001 71283
003 ES-MaACL
007 t|
008 040809m19411942sp ||||1| spa d
100 1 _aGay de Montellá, Rafael.
_956117
245 1 0 _aTratado práctico de Sociedades Mercantiles
_b: legislación comercial y tributaria /
_cRafael Gay de Montellá.
260 _aBarcelona :
_bBosch,
_c[1941-42] (
_fClarasó)
300 _a2 v. ;
_c24 cm.
852 _aES-MaACL
_jB-9873-74
_bR.19669
999 _c71283
_d71283